ბათუმის შოთა რუსთაველის სახელმწიფო უნივერსიტეტის ბიბლიოთეკა

არგონავტიკა : (ბიბ.ჩანაწერი № 52968)

000 -ლიდერი
ფიქსირებული სიგრძის საკონტროლო ველი 01374nam a2200241Ia 4500
001 - საკონტროლო ნომერი
საკონტროლო ველი 19999
003 - საკონტროლო ნომრის იდენტიფიკატორი
საკონტროლო ველი GE_BSU
005 - ბოლო ოპერაციის თარიღი და დრო
საკონტროლო ველი 20230427143100.0
008 - ფიქსირებული სიგრძის მონაცემთა ელემენტები - ზოგადი ინფორმაცია
ფიქსირებული სიგრძის საკონტროლო ველი 181216s||||||||xx |||||||||||||| ||und||
040 ## - კატალოგიზაციის წყარო
Transcribing agency GE_BSU
041 ## - ენის კოდი
Language code of text/sound track or separate title geo
080 ## - უნივერსალური ათობითი კლასიფიკაციის ინდექსი
Universal Decimal Classification number 821.14 რ-14
100 ## - მთავარი ჩანაწერი - პიროვნების სახელი
Personal name როდოსელი, აპოლონიოს
9 (RLIN) 17840
245 ## - ცნობა სათაურის შესახებ
Title არგონავტიკა :
Remainder of title პოემა /
Statement of responsibility, etc აპოლონიოს როდოსელი, თარგმანი და შესავალი წერილი აკ. გელოვანისა ; რედ.; ნარკვევი, შენიშვნები და საძიებელი აკ. ურუშაძისა.
264 ## - წარმოების, გამოცემის, დისტრიბუციის და სხვა ცნობები
გამოცემის, წარმოების, დისტრიბუციის... ადგილი თბილისი :
გამოცემის, წარმოების, დისტრიბუციის... სახელწოდება მეცნიერება,
გამოცემის, წარმოების, დისტრიბუციის... თარიღი 1975.
300 ## - ფიზიკური აღწერა
Extent 247გვ. :
Other physical details ილ. 18 ფ. ილ. ;
Dimensions 26 სმ.
546 ## - LANGUAGE NOTE
Language note პარალ. სათ. რუს. და ლათინ. ენ.
653 ## - INDEX TERM--UNCONTROLLED
Uncontrolled term არგონავტიკა
653 ## - INDEX TERM--UNCONTROLLED
Uncontrolled term არგონავტიკა; კოლხეთის ისტორიის ლიტერატურული წყაროები
700 ## - ADDED ENTRY--PERSONAL NAME
Personal name გელოვანი, აკაკი
Relator term მთარგმნელი
9 (RLIN) 17841
700 ## - ADDED ENTRY--PERSONAL NAME
Personal name ურუშაძე, აკაკი
Relator term რედაქტორი
9 (RLIN) 17842
942 ## - ADDED ENTRY ELEMENTS (KOHA)
Koha item type წიგნი
Source of classification or shelving scheme
ეგზემპლარები
ჩამოწერის სტატუსი დაკარგული ეგზემპლარის სტატუსი კლასიფიკაციის წყარო ან თაროზე გაწყობის სქემა დაზიანების სტატუსი არ გაიცემა მუდმივი მდებარეობა (დაცვის ადგილი) ამჟამინდელი ადგილსამყოფელი თაროზე განთავსების ადგილი შეძენის თარიღი ღირებულება, შესყიდვის ნორმალური ფასი სრული შენახვის შიფრი შტრიხკოდი ბოლო ოპერაციის თარიღი ეგზემპლარის მიმდევრობითი ნომერი (კეტერი?) ფასის ძალაში შესვლის თარიღი ეგზემპლარის სახეობა საჯარო შენიშვნა Uniform Resource Identifier
          ბათუმის შოთა რუსთაველის სახელმწიფო უნივერსიტეტის მთავარი ბიბლიოთეკა ბათუმის შოთა რუსთაველის სახელმწიფო უნივერსიტეტის მთავარი ბიბლიოთეკა წიგნსაცავი 2018-12-17 12.00 821.14 რ-73 27802 2018-12-17 27802 2018-12-17 წიგნი 12.00  
          ბათუმის შოთა რუსთაველის სახელმწიფო უნივერსიტეტის მთავარი ბიბლიოთეკა ბათუმის შოთა რუსთაველის სახელმწიფო უნივერსიტეტის მთავარი ბიბლიოთეკა წიგნსაცავი 2023-04-27 12.00 821.14 რ-73 64323 2023-04-27 64323 2023-04-27 წიგნი 12.00 ბსუ-ს საპატიო დოქტორის გურამ ლორთქიფანიძის საჩუქარი